000 01168nac a22003617a 4500
001 BR9705634
003 BR-BrBNA
005 20240105121955.0
008 230509b bl.|||m| |||| 00| 0 por d
040 _aBR-BrBNA
_bpor
_cBiblioteca Nacional de Agricultura
072 _aF01; F30
090 _a0335 BR9705634
100 1 _aVieira, D.J.
100 1 _aBeltrao, N.E. de M.
100 1 _aAzevedo, D.M.P. de
100 1 _aNobrega, L.B. da
100 1 _aCosta, L.B. da
100 1 _aAraujo, J.D. de
110 1 _aCentro Nacional de Pesquisa do Algodao, Campina Grande, PB (Brasil)
_91702
245 1 _aAnalise do crescimento do gergelim nos Cariris Velhos da Paraiba: efeito de cultivares e de configuracoes de plantio
260 3 _aCampina Grande, PB (Brasil):
_c1997.
300 _a4 p.
490 _aComunicado Tecnico - Centro Nacional de Pesquisa do Algodao (Brazil)
_vno. 56
_x
500 _a6 illus.
650 _aGergelim
650 _aVariedade
650 _aCurva de Crescimento
650 _aPlantio
650 _aCondicao Ambiental
650 _aParaiba
909 _a202312
_bLúcia Elande
_c55
_dLúcia Elande
942 _2AGRIS
_n0
_cMS
999 _c288517
_d288517